ბათუმის შოთა რუსთაველის სახელმწიფო უნივერსიტეტის ბიბლიოთეკა

ნიცშე, ფროიდი, მარქსი : (ბიბ.ჩანაწერი № 55030)

000 -ლიდერი
ფიქსირებული სიგრძის საკონტროლო ველი 01948nam a2200361Ia 4500
001 - საკონტროლო ნომერი
საკონტროლო ველი 22105
003 - საკონტროლო ნომრის იდენტიფიკატორი
საკონტროლო ველი GE_BSU
005 - ბოლო ოპერაციის თარიღი და დრო
საკონტროლო ველი 20221026153823.0
008 - ფიქსირებული სიგრძის მონაცემთა ელემენტები - ზოგადი ინფორმაცია
ფიქსირებული სიგრძის საკონტროლო ველი 181216s ||||ge |||||||||||||| ||geo||
020 ## - წიგნის საერთაშორისო სტანდარტული ნომერი
International Standard Book Number 9789941078866
040 ## - კატალოგიზაციის წყარო
Transcribing agency GE_BSU
041 ## - ენის კოდი
Language code of text/sound track or separate title geo
080 ## - უნივერსალური ათობითი კლასიფიკაციის ინდექსი
Universal Decimal Classification number 159.955 ფ-97
100 ## - მთავარი ჩანაწერი - პიროვნების სახელი
Personal name ფუკო, მიშელ
9 (RLIN) 15563
245 ## - ცნობა სათაურის შესახებ
Title ნიცშე, ფროიდი, მარქსი :
Remainder of title თანამედროვე ჰერმენევტიკის სათავეებთან /
Statement of responsibility, etc ფრანგულიდან თარგმანი და კომენტარები მედეა კინწურაშვილი, ირაკლი ბრაჭული ; რედაქტორი თამარ ბერეკაშვილი ; მხატვარი მერაბ გეწაძე.
264 ## - წარმოების, გამოცემის, დისტრიბუციის და სხვა ცნობები
გამოცემის, წარმოების, დისტრიბუციის... ადგილი თბილისი :
გამოცემის, წარმოების, დისტრიბუციის... სახელწოდება Carpe diem, გამ-ბა ”მერიდიანი,
გამოცემის, წარმოების, დისტრიბუციის... თარიღი 2015.
300 ## - ფიზიკური აღწერა
Extent 60 გვ. ;
Dimensions 16 სმ.
501 ## - შენიშვნა თანმხლებ მასალაზე
With note შენიშვნებ გვ. 52
653 ## - INDEX TERM--UNCONTROLLED
Uncontrolled term ნიცშე
653 ## - INDEX TERM--UNCONTROLLED
Uncontrolled term ფროიდი
653 ## - INDEX TERM--UNCONTROLLED
Uncontrolled term მარქსი
653 ## - INDEX TERM--UNCONTROLLED
Uncontrolled term თანამედროვე ჰერმენევტიკის სათავეებთან
653 ## - INDEX TERM--UNCONTROLLED
Uncontrolled term ფსიქოანალიზი
653 ## - INDEX TERM--UNCONTROLLED
Uncontrolled term სიღრმის ფსიქოლოგია
653 ## - INDEX TERM--UNCONTROLLED
Uncontrolled term მარქსიზმი
653 ## - INDEX TERM--UNCONTROLLED
Uncontrolled term ფსიქოლოგია
700 ## - ADDED ENTRY--PERSONAL NAME
Personal name კინწურაშვილი, მედეა
Relator term მთარგმნელი
9 (RLIN) 15564
700 ## - ADDED ENTRY--PERSONAL NAME
Personal name ბრაჭული, ირაკლი
Relator term მთარგმნელი
9 (RLIN) 10107
700 ## - ADDED ENTRY--PERSONAL NAME
Personal name ბერეკაშვილი, თამარ
Relator term რედაქტორი
9 (RLIN) 1017
700 ## - ADDED ENTRY--PERSONAL NAME
Personal name გეწაძე, მერაბ
Relator term მხატვარი
9 (RLIN) 5470
942 ## - ADDED ENTRY ELEMENTS (KOHA)
Koha item type წიგნი
Source of classification or shelving scheme
ეგზემპლარები
ჩამოწერის სტატუსი დაკარგული ეგზემპლარის სტატუსი კლასიფიკაციის წყარო ან თაროზე გაწყობის სქემა დაზიანების სტატუსი არ გაიცემა მუდმივი მდებარეობა (დაცვის ადგილი) ამჟამინდელი ადგილსამყოფელი თაროზე განთავსების ადგილი შეძენის თარიღი ღირებულება, შესყიდვის ნორმალური ფასი სრული შენახვის შიფრი შტრიხკოდი ბოლო ოპერაციის თარიღი ეგზემპლარის მიმდევრობითი ნომერი (კეტერი?) ფასის ძალაში შესვლის თარიღი ეგზემპლარის სახეობა საჯარო შენიშვნა
          ბათუმის შოთა რუსთაველის სახელმწიფო უნივერსიტეტის მთავარი ბიბლიოთეკა ბათუმის შოთა რუსთაველის სახელმწიფო უნივერსიტეტის მთავარი ბიბლიოთეკა წიგნსაცავი 2018-12-17 4.70 159.955 ფ-97 57003 2018-12-17 57003 2018-12-17 წიგნი 4.70 ₾.
          ბათუმის შოთა რუსთაველის სახელმწიფო უნივერსიტეტის მთავარი ბიბლიოთეკა ბათუმის შოთა რუსთაველის სახელმწიფო უნივერსიტეტის მთავარი ბიბლიოთეკა წიგნსაცავი 2018-12-17 4.70 159.955 ფ-97 57004 2018-12-17 57004 2018-12-17 წიგნი 4.70 ₾.
          ბათუმის შოთა რუსთაველის სახელმწიფო უნივერსიტეტის მთავარი ბიბლიოთეკა ბათუმის შოთა რუსთაველის სახელმწიფო უნივერსიტეტის მთავარი ბიბლიოთეკა წიგნსაცავი 2018-12-17 4.70 159.955 ფ-97 57005 2018-12-17 57005 2018-12-17 წიგნი 4.70 ₾.
          ბათუმის შოთა რუსთაველის სახელმწიფო უნივერსიტეტის მთავარი ბიბლიოთეკა ბათუმის შოთა რუსთაველის სახელმწიფო უნივერსიტეტის მთავარი ბიბლიოთეკა წიგნსაცავი 2018-12-17 4.70 159.955 ფ-97 57006 2018-12-17 57006 2018-12-17 წიგნი 4.70 ₾.
          ბათუმის შოთა რუსთაველის სახელმწიფო უნივერსიტეტის მთავარი ბიბლიოთეკა ბათუმის შოთა რუსთაველის სახელმწიფო უნივერსიტეტის მთავარი ბიბლიოთეკა წიგნსაცავი 2018-12-17 4.70 159.955 ფ-97 57012 2018-12-17 57012 2018-12-17 წიგნი 4.70 ₾.